Statistics for Football teams with purple jerseys

Click here to take the quiz!

General Stats

  • This quiz has been taken 27 times
  • The average score is 5 of 8

Answer Stats

HintAnswer% Correct
Serie AFiorentina
100%
Belgian Pro LeagueRSC Anderlecht
82%
Austrian BundesligaAustria Wien
77%
Ligue 1Toulouse FC
64%
MLSOrlando City
41%
LaLigaReal Valladolid
41%
2. BundesligaVfl Osnabrück
41%
A-LeaguePerth Glory
23%

Score Distribution

Percentile by Number Answered

Percent of People with Each Score

Your Score History

You have not taken this quiz